000 00465cam a22001697a 4500
008 180718b1982 xxu||||| |||| 00| 0 eng d
020 _a0582443814
082 _aXA4 M224
100 _aMaclenan, Ducan
245 _aHousing economics: applied approach
_cby Ducan Maclenan
260 _aLondon
_bLongman
_c1982
300 _a300p
650 _aHousing --Great Britain
650 _aHousing policy --Great Britain
650 _aHousing
650 _aHousing policy
999 _c412612
_d412612